LEADER 01960nam 2200613 a 450 001 9910454361403321 005 20200520144314.0 010 $a0-292-79452-5 035 $a(CKB)1000000000533881 035 $a(EBL)3571705 035 $a(SSID)ssj0000113453 035 $a(PQKBManifestationID)11141510 035 $a(PQKBTitleCode)TC0000113453 035 $a(PQKBWorkID)10098628 035 $a(PQKB)10344806 035 $a(MiAaPQ)EBC3571705 035 $a(Au-PeEL)EBL3571705 035 $a(CaPaEBR)ebr10245683 035 $a(OCoLC)646760657 035 $a(EXLCZ)991000000000533881 100 $a20070709d2008 ub 0 101 0 $aeng 135 $aur|n|---||||| 181 $ctxt 182 $cc 183 $acr 200 10$aBob Bullock$b[electronic resource] $eGod bless Texas /$fDave McNeely and Jim Henderson 205 $a1st ed. 210 $aAustin $cUniversity of Texas Press$d2008 215 $a1 online resource (329 p.) 225 1 $aClifton and Shirley Caldwell Texas heritage series ;$vno. 12 300 $aDescription based upon print version of record. 311 $a0-292-71454-8 320 $aIncludes bibliographical references (p. [282]-299) and index. 410 0$aClifton and Shirley Caldwell Texas heritage series ;$vno. 12. 606 $aPoliticians$zTexas$vBiography 606 $aLieutenant governors$zTexas$vBiography 606 $aPower (Social sciences)$zTexas$xHistory$y20th century 607 $aTexas$xPolitics and government$y1951- 608 $aElectronic books. 615 0$aPoliticians 615 0$aLieutenant governors 615 0$aPower (Social sciences)$xHistory 676 $a976.4/063092 676 $aB 700 $aMcNeely$b Dave$0909662 701 $aHenderson$b Jim$f1942-$0909663 801 0$bMiAaPQ 801 1$bMiAaPQ 801 2$bMiAaPQ 906 $aBOOK 912 $a9910454361403321 996 $aBob Bullock$92035608 997 $aUNINA